Las 15 ciudades más pobladas de Portugal - Estadísticas

Estadísticas generales
  • Esta prueba ha sido intentada 1.913 veces
  • La puntuación promedio es 5 de 15
Estadísticas de respuestas
Posición Población Ciudad % Correcto
1 545.923 Lisboa
100%
4 231.828 Oporto
95%
6 193 333 Braga
74%
15 140.838 Coímbra
54%
12 156.849 Guimarães
30%
2 385.654 Sintra
30%
3 303.854 Vila Nova de Gaia
20%
9 171.719 Amadora
16%
7 177.400 Almada
12%
8 172.586 Matosinhos
10%
5 201.632 Loures
6%
13 148.058 Odivelas
6%
11 164.277 Gondomar
5%
10 166.525 Seixal
5%
14 147.406 Santa Maria da Feira
3%
No se encontraron pruebas coincidentes
Distribución de puntuación
Porcentaje de gente con cada puntuación
Porcentaje por número respondido
Historial de tus puntuaciones
No has intentado esta prueba.